| 000 | 00841nac a22001931u 4500 | ||
|---|---|---|---|
| 008 | 100718s1978 ua|||||r|||| 000 0 ara d | ||
| 082 |
_a188 _222 _bح س ن |
||
| 100 |
_916362 _aحنفي، حسن |
||
| 245 |
_aنمادج من الفلسفة المسيحية في العصر الوسيط : _bأوغسطين- أنسيلم-توما الأكويني/ _cترجمة وتقديم وتعليق حسن حنفي حسنين |
||
| 250 | _aط2 | ||
| 260 |
_aالقاهرة : _bمكتبة الأنجلو الأمريكية،1978. _c1978. |
||
| 300 |
_a291ص.؛ _c24 سم |
||
| 504 | _aيشتمل على إرجاعات ببليوجرافية | ||
| 511 | _aCatalogued by: Sara | ||
| 541 |
_aالف باء؛ _cشراء؛ |
||
| 650 |
_aالفلسفة المسيحية _916359 |
||
| 700 |
_aHasanen, Hassan Hanafey _916363 |
||
| 942 |
_cBB _k188ح س ن _2ddc |
||
| 999 |
_c7154 _d7154 |
||